The rules of programming : (Registro nro. 70427)
[ vista simple ]
| 000 -LEADER | |
|---|---|
| fixed length control field | 01034nam a2200301 i 4500 |
| 001 - CONTROL NUMBER | |
| control field | 70427 |
| 003 - CONTROL NUMBER IDENTIFIER | |
| control field | Mx-PuUPA |
| 005 - DATE AND TIME OF LATEST TRANSACTION | |
| control field | 20230719110926.0 |
| 008 - FIXED-LENGTH DATA ELEMENTS--GENERAL INFORMATION | |
| fixed length control field | 230718s2023 cau fr 000 0 eng d |
| 020 ## - INTERNATIONAL STANDARD BOOK NUMBER | |
| International Standard Book Number | 9781098133115 |
| 040 ## - CATALOGING SOURCE | |
| Original cataloging agency | Mx-PuUPA |
| Language of cataloging | spa |
| Transcribing agency | Mx-PuUPA |
| Modifying agency | Mx-PuUPA |
| Description conventions | rda |
| 041 0# - LANGUAGE CODE | |
| Language code of text/sound track or separate title | eng |
| 100 1# - MAIN ENTRY--PERSONAL NAME | |
| Personal name | Zimmermann, Chris, |
| 9 (RLIN) | 14520 |
| Relator term | autor |
| 245 14 - TITLE STATEMENT | |
| Title | The rules of programming : |
| Remainder of title | how to write better code / |
| Statement of responsibility, etc. | Chris Zimmerman |
| 250 ## - EDITION STATEMENT | |
| Edition statement | First edition / |
| Remainder of edition statement | december |
| 264 #1 - PRODUCTION, PUBLICATION, DISTRIBUTION, MANUFACTURE, AND COPYRIGHT NOTICE | |
| Place of production, publication, distribution, manufacture | Sebastopol, CA : |
| Name of producer, publisher, distributor, manufacturer | O'Really Media, |
| Date of production, publication, distribution, manufacture, or copyright notice | 2022 |
| 300 ## - PHYSICAL DESCRIPTION | |
| Extent | xiv, 327 páginas ; |
| Dimensions | 23 cm |
| 336 ## - CONTENT TYPE | |
| Fuente | rdacontent |
| Content type term | texto |
| Content type code | txt |
| 337 ## - MEDIA TYPE | |
| Source | rdamedia |
| Media type term | sin medio |
| Media type code | n |
| 338 ## - CARRIER TYPE | |
| Source | rdacarrier |
| Carrier type term | volumen |
| Carrier type code | nc |
| 650 #7 - SUBJECT ADDED ENTRY--TOPICAL TERM | |
| Source of heading or term | armarc |
| Topical term or geographic name entry element | Programación de computadoras |
| 650 #7 - SUBJECT ADDED ENTRY--TOPICAL TERM | |
| Source of heading or term | armarc |
| Topical term or geographic name entry element | Computadoras |
| General subdivision | Desarrollo de software |
| 942 ## - ADDED ENTRY ELEMENTS (KOHA) | |
| Source of classification or shelving scheme | Dewey Decimal Classification |
| Koha item type | Libro |
| Classification part | 005.13 |
| Item part | Z75 |
| Withdrawn status | Lost status | Source of classification or shelving scheme | Damaged status | Not for loan | Collection code | Home library | Current library | Shelving location | Date acquired | Source of acquisition | Cost, normal purchase price | Total Checkouts | Total Renewals | Full call number | Barcode | Date last seen | Date last checked out | Cost, replacement price | Price effective from | Koha item type |
|---|---|---|---|---|---|---|---|---|---|---|---|---|---|---|---|---|---|---|---|---|
| Dewey Decimal Classification | General | Biblioteca Karol Wojtyla | Biblioteca Karol Wojtyla | Sala general | 17/07/2023 | 2 | 870.48 | 1 | 1 | 005.13 Z75 2022 | 103816 | 05/01/2026 | 13/05/2024 | 870.48 | 17/07/2023 | Libro |